Nomeie um Time de Futebol Válido #1 - Statistics

Estatísticas Gerais
  • Esse quiz foi jogado 2 350 vezes
    2 307 desde o último reset
  • A pontuação média é 18 de 20
Estatísticas das Respostas
Nomeie um time... Resposta % Correto
campeão da premier league (liga inglesa) Arsenal | Blackburn | Chelsea | Leicester | Liverpool | Manchester City | Manchester United
99%
espanhol campeão da champions league(liga dos campeões da uefa) Barcelona | Real Madrid
99%
de minas gerais jogando a série A Altético-MG | Cruzeiro
98%
campeão da copa do nordeste América-RN | Bahia | Campinense | Ceará | Fortaleza |Sampaio Corrêa | Santa Cruz | Sport | Vitória
97%
clubes que já golearam o Palmeiras Corinthians | Coritiba | Figueirense | Mirassol | Santos |São Paulo | Vitória
97%
que é rival do Santos Corinthians | Palmeiras | São Paulo
97%
com apenas um título da copa do brasil Athlético | Criciúma | Fluminense | Internacional | Juventude | Paulista | Santo André | Santos | São Paulo | Sport | Vasco
96%
que é considerado um dos "seis grandes italianos" Inter de Milão | Juventus | Lazio | Milan | Napoli | Roma
96%
onde Ronaldo Fenômeno jogou Barcelona | Corinthians | Cruzeiro | Inter de Milão | Milan | PSV | Real Madrid
95%
da região centro-oeste que participou mais de uma vez na serie A do campeonato brasileiro Anapolina | Atlético-GO | Brasília | CEOV | CEUB | Comercial | Cuiabá | Dom Bosco | Gama | Goiânia | Goiás | Mixto | Operário | Rabello | Vila Nova
93%
onde Pelé jogou New York Cosmos | Santos
93%
campeão da libertadores (excluindo times brasileiros e argentinos) Atlético Nacional | Colo Colo | LDU | Nacional | Olimpia | Once Caldas | Penarol
92%
que foram vítima de acidente áereo Alianza Lima | Chapecoense | Manchester United | Pakhtakor Tashkent | Palmas | The Strongest | Torino
91%
português que já participou da champions league (liga dos campeões da uefa) Benfica | Boa Vista | Braga | Porto | Sporting
88%
brasileiro que foi fundado antes de 1901 Botafogo | Flamengo | Mackenzie | Pinheiros | Ponte Preta | Rio Grande | Vasco | Vitória
88%
que Silvio Santos torcia Corinthians | Fluminense
86%
não-europeu que venceu um clube brasileiroem um mundial de clubes fifa Al-Ahly | Al-Hilal | Mazembe | Raja Casablanca | Tigres
83%
mexicano campeão da copa dos campeõesCONCACAF América | Atlante | Atlético Espanhol | Cruz Azul | Guadalajara | Leon | Monterrey | Necaxa | Pachuca | Puebla
| Pumas | Tigres | Toluca
82%
bi-campeão da bundesliga (campeonato alemão)(excluindo borussia e bayern) Hamburgo | Kaiserslautern | Koln | Mönchengladbach | Stuttgard | Werder Bremen
75%
campeão da conference league da uefa Roma | Olympiacos | West Ham
70%
Nenhum quiz correspondente encontrado
Distribuição das Pontuações
Porcentagem de Pessoas com Cada Pontuação
Percentil de Números Respondidos
Sua Pontuação Histórica
Você não jogou esse quiz desde o último reset